000 00681nas a2200229 4500
001 BR7601103
003 BR-BrBNA
005 20231205082925.0
007 ta
008 230509b bl.|||p| |||| 00| 00por d
040 _aBR-BrBNA
_bpor
_cBiblioteca Nacional de Agricultura
041 _a(Pt)
072 _aL74
100 1 _aLenci, O.
245 1 _aAnemia hipocronica em cavalos e seu tratamento com ferro por via parenteral
650 _aCAVALO
650 _aFERRO
650 _aANEMIA NUTRICIONAL
773 0 _tAtualidades Veterinarias (Brazil)
_xISSN 0100-2759
_g(Jul 1975), v. 4(25) p. 18-22
_wBR7601103
909 _a202311
_bLúcia
_c55
_dLúcia Elande
942 _2AGRIS
_n0
_cANA
999 _c95140
_d95140